Представление документа в формате MARC21

Поле Инд. ПП Название Значение
Тип записи a
Библиографический уровень m
001 Контрольный номер 6a8d58dd-9d1f-4e15-ba21-5e24c5ef691e
005 Дата корректировки 20250129122308.4
008 Кодируемые данные 950630s1995 rur 00000 rus d
041 0_ a Код языка текста rus
080 a Индекс УДК 929Достоевский
a Индекс УДК 882.09
084 a Индекс другой классификации/Индекс ББК Ш5(2=411.2)52-4Достоевский Ф.М.1
090 a Полочн. индекс 8Р1
x Авторский знак Д70
c Каталожный индекс Ш5(2=411.2)52-4Достоевский Ф.М.1
245 00 a Заглавие Достоевский
b Продолж. заглавия Материалы и исслед.: [Сб.]
c Ответственность АН СССР. Ин-т рус. лит. (Пушкин. дом)
n Номер части/ раздела [Т.] 3 / [Ред. Г.М. Фридлендер]
260 0_ a Место издания Л.
b Издательство Наука. Ленингр. отд-ние
c Дата издания 1978
300 a Объем 292,[1] с.
500 a Примечание Указ. имен : с.286-291.
650 04 a Основная рубрика Достоевский, Федор Михайлович, о нем
650 04 a Основная рубрика Русская литература
x Основная подрубрика История
y Хронологическая подрубрика 19 в.
653 0_ a Ключевые слова Достоевский
a Ключевые слова Русская литература 19 в.
a Ключевые слова Сборники
700 1_ a Другие авторы Фридлендер Георгий Михайлович
e Роль лиц ред.
920 a Оператор Поля
930 a Новая/Ретро Научная
a Новая/Ретро Сборники
952 c Вид литературы К рн
954 a Дата поступления на обработку 30.06.97